Kentsel ulaşımda erişilebilirlik : (Kayıt no. 10289)

MARC ayrıntıları
000 -BAŞLIK
Sabit Uzunluktaki Kontrol Alanı 00727nam a22002297a 4500
003 - KONTROL NUMARASI KİMLİĞİ
Kontrol Alanı KOHA_MİRAKIL
005 - EN SON İŞLEM TARİHİ ve ZAMANI
Kontrol Alanı 20260416094356.0
008 - SABİT UZUNLUKTAKİ VERİ ÖGELERİ - GENEL BİLGİ
Sabit Alan 260416b tu ||||| |||| 00| 0 tur d
020 ## - ISBN - ULUSLARARASI STANDART KİTAP NUMARASI
Isbn 9786259384351
040 ## - KATALOGLAMA KAYNAĞI
Özgün Kataloglama Kurumu TR-AnABB
Kataloglama Dili tur
Çeviri Kurumu TR-AnABB
041 ## - DİL KODU
Metin ya da ses kaydının dil kodu tur
082 ## - DEWEY ONU SINIFLAMA SİSTEMİ
Sınıflama Numarası 711.7
Cutter numarası ERC 2025
100 1# - KİŞİ ADI
Yazar Adı (Kişi adı) Erçetin, Cihan
245 10 - ESER ADI BİLDİRİMİ
Başlık Kentsel ulaşımda erişilebilirlik :
Alt Eseradı vb. engelleri anlamak, engelleyenleri bulmak /
Sorumluluk Bildirimi Cihan Erçetin
250 ## - BASIM BİLDİRİMİ
Basım Bildirimi 2. baskı
260 ## - YAYIN, DAĞITIM, VB.
Yayın Yeri Ankara :
Yayınevi İdealkent Yayınları,
Yayın Tarihi 2025
300 ## - FİZİKSEL TANIMLAMA
Sayfa, Cilt vb. 260 sayfa :
Diğer fiziki detaylar fotoğraf ;
Boyutları 20 cm
650 04 - KONU BAŞLIĞI EK GİRİŞ - KONU TERİMİ
Konusal terim veya coğrafi ad Şehir planlama, erişilebilirlik
650 04 - KONU BAŞLIĞI EK GİRİŞ - KONU TERİMİ
Konusal terim veya coğrafi ad Şehir planlama
900 ## - YEREL BİLGİ
Kontrol Can ÇELIK
942 ## - EK GİRİŞ ÖGELERİ (KOHA)
Sınıflama Kaynağı Dewey Decimal Classification
Materyal Türü Kitap
Mevcut
Geri Çekilme Durumu Kayıp Durumu Sınıflandırma Kaynağı Kredi için değil Kalıcı Konum Mevcut Konum Kayıt Tarih Toplam Ödünçverme Yer Numarası Demirbaş Numarası Son Görülme Tarihi Fatura Tarihi Materyal Türü
    Dewey Decimal Classification   Prof. Dr. Ruşen Keleş Kütüphanesi Prof. Dr. Ruşen Keleş Kütüphanesi 16/04/2026   711.7 ERC 2025 RK7180 16/04/2026 16/04/2026 Kitap